Analýza konvergenčných procesov európskych post-komunistických krajín diplomová práca

Na minha lista:
Detalhes bibliográficos
Autor principal: Palko, Michal
Autor Corporativo: Fakulta hospodárskej informatiky EU. Katedra operačného výskumu a ekonometrie
Outros Autores: Szomolányi, Karol, 1976-
Formato: Livro
Idioma:eslovaco
Publicado em: Bratislava 2020
Tags: Adicionar Tag
Sem tags, seja o primeiro a adicionar uma tag!

MARC

LEADER 00000nbm a2200000 4500
001 0266840
005 20210506112350.0
041 0 |a slo 
044 |a SK 
245 1 0 |a Analýza konvergenčných procesov európskych post-komunistických krajín  |b diplomová práca  |c Michal Palko ; školiteľ: Karol Szomolányi 
264 1 |a Bratislava  |c 2020 
300 |a 51 s. 
100 1 |a Palko, Michal 
700 1 |a Szomolányi, Karol, 1976- 
710 2 |a Fakulta hospodárskej informatiky EU. Katedra operačného výskumu a ekonometrie